LEADER 01369nam2-2200409li-450 001 990000215180203316 005 20180312154624.0 010 $a3-540-61181-9 035 $a0021518 035 $aUSA010021518 035 $a(ALEPH)000021518USA01 035 $a0021518 100 $a20001109d1996----km-y0itay0103----ba 101 0 $aeng 102 $aGW 200 1 $aTopics in cohomology of groups$fSerge Lang 210 $aBerlin [etc.]$cSpringer-Verlag$dcopyr. 1996 215 $aVI, 226 p.$cill.$d23 cm 225 2 $aLecture notes in mathematics$v1625 410 0$10010021263$12001$aLecture notes in mathematics$ea collection of informal reports and seminars$fedited by A. Dold, Heidelberg and B. Eckmann, Zürich 610 1 $acoomologia 610 1 $agruppi 610 1 $anumeri$ateoria algebrica 676 $a51274$9Teoria dei numeri (Algebrica) 700 1$aLang,$bSerge$01160 801 $aSistema bibliotecario di Ateneo dell' Università di Salerno$gRICA 912 $a990000215180203316 951 $a510 LNM (1625)$b0019251 CBS$c510$d00110559 959 $aBK 969 $aSCI 979 $c19970121 979 $c20001110$lUSA01$h1714 979 $aALANDI$b90$c20011204$lUSA01$h1145 979 $c20020403$lUSA01$h1629 979 $aPATRY$b90$c20040406$lUSA01$h1615 996 $aTopics in cohomology of groups$978134 997 $aUNISA